| 000 | 00696nam a2200205 a 4500 | ||
|---|---|---|---|
| 005 | 20250308063755.0 | ||
| 008 | 010621s1995 r 000 0 eng d | ||
| 020 | _a8471145871 | ||
| 035 | _aUPN01000108835 | ||
| 049 | _aC | ||
| 050 | 4 |
_aQH540.4 _bS4.3 |
|
| 100 | 1 | _aSeoánez Calvo, Mariano. | |
| 245 | 1 | 3 |
_aEl gran diccionario del medio ambiente y de la contaminación : _bdefiniciones en español con traducción de los términos al francés y al inglés / _cMariano Seoánez Calvo. |
| 260 |
_aMadrid : _bMundi-Prensa, _c1995. |
||
| 300 | _axxiii, 807 p. | ||
| 650 | 4 |
_aECOLOGIA - _vDICCIONARIOS _914256 |
|
| 650 | 2 |
_aContaminación _95710 |
|
| 650 | 2 |
_aMedio ambiente _95286 |
|
| 905 | _aLibro | ||
| 999 |
_c82746 _d82746 |
||